| 000 | 00390nam a22001577a 4500 | ||
|---|---|---|---|
| 999 |
_c5907 _d5905 |
||
| 005 | 20210828105330.0 | ||
| 008 | 190530b xxu||||| |||| 00| 0 eng d | ||
| 020 | _a978-93-5164-655-61 | ||
| 041 | _aeng | ||
| 100 |
_aTEMBHURNE, DR. SACHIN V _95014 |
||
| 245 | _aPHARMACOLOGY -III (SEM-VI) | ||
| 250 | _a2nd, Ed. 2019 | ||
| 260 |
_aPUNE _bNIRALI PRAKASHAN |
||
| 300 | _a11.4p, | ||
| 942 | _cBK | ||